000 00447nam a2200181Ia 4500
008 090124s9999 xx 000 0 und d
082 _b119198
100 _aसोनार अनिल
245 _a काटशह
250 _a1
260 _c1982
300 _a168
600 _aसोनार अनिल
630 _a काटशह
700 _aसोनार अनिल
730 _a काटशह
942 _cBOOK
999 _c165284
_d165284